03399cam a22005054i 4500003000900000005001700009008004100026020001800067035002700085040003300112049000900145082002200154100003000176245011000206264003900316300003800355336002100393337002500414338002300439504002800462505159800490526001002088526001002098526001002108526001002118526000802128526000802136526000802144526000802152526000802160526000802168526000802176541001702184630004602201650003702247650003602284910002202320942001402342949013102356994001402487596000602501999016002507980005502667952017102722PE-LiUPU20250731173359.0150706s r 000 0 d a9780310219880 a(Sirsi) i9780310219880 aPE-LiUPUbspacPE-LiUPUerda aPRUA04a261.8357bP322211 aPayne, Philip B.,eautor.10aMan and woman, one in Christ :ban exegetical and theological study of Paul's Letters /cPhilip B. Payne. 1aGrand Rapids :b Zondervan,c2009. a511 páginas ;c23 centímetros atext2rdacontent aunmediated2rdamedia avolume2rdacarrier aIncluye Bibliografía.0 aMy odyssey -- Backgrounds to Paul's teaching regarding man and woman -- Women Paul names as ministry leaders -- Paul's theological axioms imply the equality of man and woman -- Galatians 3:28 : man and woman, one in Christ -- 1 Corinthians 7 : the equal rights of man and woman in marriage -- 1 Corinthians 11:2-16 : introduction -- 1 Corinthians 11:2-3 : head/source relationships -- 1 Corinthians 11:4 : the disgrace of a man "having down from the head" -- 1 Corinthians 11:5-6 : the disgrace of a woman's head "uncovered" -- 1 Corinthians 11:7-10 : theological reasons for head-covering rules -- 1 Corinthians 11:11-12 : the equal standing of woman and man in Christ -- 1 Corinthians 11:13-16 : shameful head coverings explained as hair -- 1 Corinthians 11:2-16 : conclusion and application -- 1 Corinthians 14:34-35 : did Paul forbid women to speak in church? -- Ephesians 5:21-33 and Colossians 3:18-19 : husband-wife relationships -- 1 Timothy 2:8-15 : introduction : the Ephesian church situation addressed in 1 Timothy -- 1Timothy 2:8-11 : "let a woman learn in quietness and in all submission" -- 1 Timothy 2:12, part I : "I am not permitting a woman to teach" -- 1 Timothy 2:12, part II : does . separate two prohibitions or conjoin them? -- 1 Timothy 2:12, part III : does . mean "assume authority"? -- 1 Timothy 2:13-14 : the need for respect, the danger of deception -- 1 Timothy 2:15 : salvation through "the childbirth" -- 1 Timothy 3:1-13 and Titus 1:5-9 : may women be overseers and deacons? -- Conclusion: Paul consistently champions the equality of man and woman in Christ. aSEG42 aSEG41 aSEG40 aSEG39 aP94 aP87 aP86 aP85 aP77 aP76 aP35 g001-0000490; aBibliaxCrítica, interpretación, etc.04aigualdadxEnseñanza bíblica.04aSexismoxEnseñanza bíblica. aglbjckd20101223 2ddccBOOK a261.8357 P32wDEWEYc1i62449lCCODEBUL1mBULp20.00r0sYtBOOKu2015-7-6xTEOLOGIAPP350COMPRAo.STAFF. Colección General aC0bPEPRU a1 a261.8357 P32wDEWEYc51489i62449d51489f2021-11-10g5lCCODEBUL1mBULp20.00q1r0sYtBOOKu2015-7-6xTEOLOGIAPP350COMPRAo.STAFF. Colección General 81gALBERTO SANCHEZ Responsable de Automatización r2025-12-02 00:00:00i6l0o261.8357 P32p62449te1v25.00w2015-07-06xFTyBKzinventario-2023-12-13102ddc50708GENfP35aBULbBULcGENd2015-07-06eCOMPRAg20.00